LIBRARY & INFORMATION CENTRE, KCAET, TAVANUR

ONLINE PUBLIC ACCESS CATALOGUE (OPAC)

Plumbing and mechanical services : A text book / (Record no. 1798)

MARC details
000 -LEADER
fixed length control field 00471cam a2200181ua 4500
020 ## - INTERNATIONAL STANDARD BOOK NUMBER
ISBN 0 09 154551 x
041 ## - LANGUAGE CODE
Language code of text/sound track or separate title eng
082 ## - DEWEY DECIMAL CLASSIFICATION NUMBER
Classification number 696.1
Item number BOY/PL
100 ## - MAIN ENTRY--AUTHOR NAME
Personal name Boyee, R.M .
245 ## - TITLE STATEMENT
Title Plumbing and mechanical services : A text book /
250 ## - EDITION STATEMENT
Edition statement 1 /
260 ## - PUBLICATION, DISTRIBUTION, ETC. (IMPRINT)
Place of publication London :
Name of publisher Hutchinson And co. ,
Year of publication 1984.
300 ## - PHYSICAL DESCRIPTION
Number of Pages 246 :
Other physical details ` ; .
700 1# - ADDED ENTRY--PERSONAL NAME
Personal name Masterman, A.H .
942 ## - ADDED ENTRY ELEMENTS (KOHA)
Koha item type Books
Holdings
Withdrawn status Lost status Damaged status Home library Current library Date acquired Full call number Accession Number Koha item type
      KAUAET KAUAET 27/03/1987 696.1 16245 Books
free website counter